000 02354nam0a22003251 4500
001 rc\3983337
005 20130415122301.8
021 _aRU
_b[57-3758]
035 _a(NLR Aleph) 008062606
090 _a9012365
_c9012365
100 _a20130415d1956 |||y0rusy50 ca
101 0 _arus
102 _aRU
105 _aa z |||||
200 1 _aПрибор для контроля зануления (заземления) осветительной арматуры
210 _aМосква
_cБ. и.
_d1956
215 _a19 с.
_cчерт.
_d22
225 1 _aПередовой производственно-технический опыт
_hСерия 26
_iЭлектросиловые установки и заводские электросети
_v[№ Т-56-380/17]
300 _aАвт. указаны перед загл. статей
327 0 _aНа тит. л., кроме первой статьи, указаны: Установка для автоматического отключения линии, питающей электросекундомеры, при срыве или отклонении частоты генератора от 50 гц / [Е.И. Сергеева и М.А. Фомин]. Электрическое контактное устройство к динамометру / [А.Е. Зайденберг]. Компаратор емкостей / [Н.Г. Желудева и В.Ш. Шхинек]
464 0 _12001#$aЭлектрическое контактное устройство к динамометру
_1700#1$aЗайденберг$bА.Е.
464 0 _12001#$aКомпаратор емкости
_1700#1$aЖелудева$bН.Г.
_1701#1$aШхинек$bВ.Ш.
464 0 _12001#$aУстановка для автоматического отключения линии, питающей электросекундомеры, при срыве или отклонении частоты генератора от 50 гц
_1700#1$aСергеева$bЕ.И.
_1701#1$aФомин$bМ.А.
606 _aКонтрольно-измерительные инструменты и приборы
_jСборники
_2psbo
700 1 _aРусина
_bЛ. Н.
_gЛидия Николаевна
801 0 _aRU
_bNLR
_gpsbo
801 1 _aRU
_bELAR
_2rusmarc
852 _aNLR
_jП10/1493
942 _cBOOK
980 _aNB